00852 2200313 4500001002100000005001500021035002000036007000300056040001700059100002000076245009900096250001000195300003200205504002600237020002200263041000800285082001600293084001600309090001600325264005700341336001500398337001300413338001500426500002900441650001400470850001000484990002200494990002200516INLIS00000000001300420250319092303 a0010-0325000021ta aSBPUPADbind aWidya Ernawati: aRahasia Tips Dan Terapi Alami Agar Cepat Hamil :bBerdasarkan Golangan Darah /cWidya Ernawati aCet.2 a116 hlm :bilus. ;c14x21cm abibiliografi, hlm 115 a976-623-98313-3-2 bind 2[23]a615.5 a615.5 WID r a615.5 WID r aYogyakarta :bLebah Buku Groupperum Bumi Raya,c2022 2rdacontent 2rdamedia 2rdacarrier 3Tentang Penulis, hlm 116 aKesehatan aPUPAD a37.722/H/DPK/2023 a37.721/H/DPK/2023